000 00694nam a2200289Ia 4500
005 20260324145904.0
008 008 260324s9999 xx 000 0 eng d
020 _a9781315467931
037 _aEBOOK
040 _aCRL
040 _beng
040 _cCRL
041 _2eng
041 _aeng
084 _qCRL
100 _aRobert Shaw; John Bransford
_91224543
245 0 _aPerceiving, Acting and Knowing
245 0 _bToward an Ecological Psychology
260 _bTaylor and Francis
260 _c1977
365 _a
365 _b300
856 _uhttp://www.taylorfrancis.com/books/9781315467931
942 _cEBOOK
999 _c1833084
_d1833084